000 00244 a2200097 4500
001 33144
100 _aLal,H.B
245 _aIntroduction to Materials Science
260 _aND
_bDominant Publishers & Distribiutors
_c2003
090 _c22209
_d22209
942 _aNUST-CAE
_cM
_c13569
999 _c268217
_d268217